Psychology of education: (Record no. 12976)

MARC details
000 -LEADER
fixed length control field 00700nam a2200253I 4500
001 - CONTROL NUMBER
control field 12976
003 - CONTROL NUMBER IDENTIFIER
control field 000000
005 - DATE AND TIME OF LATEST TRANSACTION
control field 20250618121851.0
008 - FIXED-LENGTH DATA ELEMENTS--GENERAL INFORMATION
fixed length control field 750415s19121911enk 00000 eng d
010 ## - LIBRARY OF CONGRESS CONTROL NUMBER
LC control number ca 11003371 D
020 ## - INTERNATIONAL STANDARD BOOK NUMBER
International Standard Book Number 0416376606
040 ## - CATALOGING SOURCE
Transcribing agency MDY
Modifying agency CIN
Original cataloging agency BSUL
050 ## - LIBRARY OF CONGRESS CALL NUMBER
Classification number LB1051
Item number .W4
082 ## - DEWEY DECIMAL CLASSIFICATION NUMBER
Edition number 22
Classification number 370.15
Item number STO
100 10 - MAIN ENTRY--PERSONAL NAME
Personal name Stones, Edgar.
9 (RLIN) 16415
245 10 - TITLE STATEMENT
Title Psychology of education:
Statement of responsibility, etc by J. Welton
Remainder of title A pedagogical approach/
260 0# - PUBLICATION, DISTRIBUTION, ETC. (IMPRINT)
Place of publication, distribution, etc London:
Name of publisher, distributor, etc METHUEN,
Date of publication, distribution, etc 1979.
300 ## - PHYSICAL DESCRIPTION
Extent xxi, 507 p.
Dimensions 23 cm
500 ## - GENERAL NOTE
General note Includes bibliographical references and index
600 ## - SUBJECT ADDED ENTRY--PERSONAL NAME
Source of heading or term Psychology
600 ## - SUBJECT ADDED ENTRY--PERSONAL NAME
Source of heading or term Education
650 #0 - SUBJECT ADDED ENTRY--TOPICAL TERM
Topical term or geographic name as entry element Educational psychology
9 (RLIN) 3320
942 ## - ADDED ENTRY ELEMENTS (KOHA)
Source of classification or shelving scheme Dewey Decimal Classification
Koha item type Books
Holdings
Withdrawn status Lost status Source of classification or shelving scheme Damaged status Not for loan Home library Current library Date acquired Source of acquisition Inventory number Total Checkouts Full call number Barcode Date last seen Copy number Price effective from Koha item type Public note
    Dewey Decimal Classification     Main Library Main Library 18/06/2025 Donation 12510   370.15 STO bsu25060358 18/06/2025 001 18/06/2025 Books Material is available in hard copy

© 2017 Bishop Stuart University Library. All Rights Reserved.
Kakoba Campus, Plot 150 Buremba Road | P.O. Box 9, Mbarara, UGANDA | Tel: +256-772-463068
Email: library@bsu.ac.ug